00257cam a2200121u 4500041001400000082001300014100001700027245002300044260002700067300001600094500001500110650001000125 aENG, URDU a297bSHA1 aShariati Ali10aVisage of Mohammed aTehran ;c1350 [1971] a82, 93 p. ; aRomanized. aIslam